America, the last domino : U.S. foreign policy in Central America under Reagan /

Bibliographic Details
Main Author: Persky, Stan, 1941-
Format: Book
Language:English
Published: Vancouver, Canada : New Star Books, [1984]
Subjects:

MARC

Tag First Indicator Second Indicator Subfields
LEADER 00000cam a2200000 a 4500
001 in00000010329
005 20151007051337.0
008 850305s1984 bccaf b 00110 eng
010 |a  85125352  
020 |a 0919573363 
020 |a 0919573371 (pbk.) 
035 |a (OCoLC)11672414 
035 |9 AAA2533AM 
040 |a DLC  |c DLC  |d m/c  |d TXA  |d UtOrBLW 
043 |a nc-----  |a n-us--- 
049 |a TXAM  |c [A10755222] 
050 0 0 |a F1436.8.U6  |b P47 1984 
082 0 |a 327.730728  |2 19 
100 1 |a Persky, Stan,  |d 1941- 
245 1 0 |a America, the last domino :  |b U.S. foreign policy in Central America under Reagan /  |c Stan Persky. 
264 1 |a Vancouver, Canada :  |b New Star Books,  |c [1984] 
264 4 |c ©1984 
300 |a xiv, 284 pages, 8 unnumbered pages of plates :  |b illustrations ;  |c 19 cm. 
336 |a text  |b txt  |2 rdacontent 
337 |a unmediated  |b n  |2 rdamedia 
338 |a volume  |b nc  |2 rdacarrier 
504 |a Bibliography: pages 270-275. 
500 |a Includes index. 
651 0 |a Central America  |x Foreign relations  |z United States. 
651 0 |a United States  |x Foreign relations  |z Central America. 
651 0 |a United States  |x Foreign relations  |y 1981-1989. 
999 |a MARS 
999 f f |s ee780920-5272-3754-b666-ba6c21a6a604  |i b64130d4-721c-3a0c-b920-869a67b4bb5a  |t 0 
952 f f |p ric  |a Texas A&M University  |b Rellis Campus  |c Joint Library Facility  |d Remote Storage  |t 0  |e F1436.8.U6 P47 1984  |h Library of Congress classification  |i unmediated -- volume  |m A14810755222 
998 f f |a F1436.8.U6 P47 1984  |t 0  |l Remote Storage